| 000 | 00815nam a22002532 4500 | ||
|---|---|---|---|
| 001 | 0000024045 | ||
| 005 | 20151217152255.0 | ||
| 008 | 130506s xx 000 0 eng d | ||
| 020 | _a0262201097 : | ||
| 040 |
_aKABU _cKABU |
||
| 245 | 1 | 0 |
_aIncome distribution and high-quality growth / _cedited by Vito Tanzi and Ke-young Chu. |
| 250 | _a1st ed. | ||
| 260 |
_aLondon : _bMIT, _c1998. |
||
| 300 | _axvii, 417 p. | ||
| 650 | 0 |
_aIncome distribution. _@0000150265 |
|
| 650 | 0 |
_aEquity. _@0000184006 |
|
| 650 | 0 |
_aEconomic development. _@0000150073 |
|
| 700 | 1 |
_aTanzi, Tito. _@0000184007 |
|
| 700 | 1 |
_aChu, Ke-young. _@0000184008 |
|
| 852 | 1 | _9p6630 KES | |
| 852 | 1 | _9p5850 KES | |
| 908 | _a130506 | ||
| 950 | _@1 | ||
| 999 |
_c10149 _d10149 |
||